[Event "Titled Tuesday intern op 16th Apr Late"]
[Site "Chess.com INT"]
[Date "2024.04.16"]
[Round "2"]
[White "Tang, Benjamin"]
[Black "Dovgaliuk, Oleksandr"]
[Result "1-0"]
[WhiteElo "2291"]
[BlackElo "2032"]
[PlyCount "57"]
[EventDate "2024.04.16"]
[EventType "swiss (blitz)"]
[EventRounds "11"]
[EventCountry "USA"]
[SourceTitle "CB17_2024"]
[SourceDate "2024.04.24"]
[SourceVersion "1"]
[SourceVersionDate "2024.04.24"]
[SourceQuality "1"]

1. e4 c6 2. d4 d5 3. e5 Bf5 4. h4 h6 5. g4 Be4 6. f3 Bh7 7. e6 Qd6 8. exf7+ Kxf7 9. f4 Be4 10. Nf3 Nf6 11. Bh3 Bxf3 12. Qxf3 Qe6+ 13. Be3 Qe4 14. Nd2 Qxf3 15. Nxf3 Nbd7 16. 0-0 e6 17. Ne5+ Ke8 18. Ng6 Rh7 19. g5 hxg5 20. fxg5 Ne4 21. Bxe6 Bd6 22. Bg8 Rh5 23. Bf7+ Kd8 24. Rf3 Kc7 25. Kg2 Rh7 26. Raf1 Bg3 27. Rxg3 Nxg3 28. Kxg3 Nf8 29. Bg8 1-0

[Event "Morshyn GP 3rd"]
[Site "Morshyn"]
[Date "2023.12.02"]
[Round "8"]
[White "Dovgaliuk, Oleksandr"]
[Black "Megur, Vladislav"]
[Result "1-0"]
[WhiteElo "1806"]
[BlackElo "2081"]
[PlyCount "79"]
[EventDate "2023.12.02"]
[EventType "swiss (rapid)"]
[EventRounds "9"]
[EventCountry "UKR"]
[SourceTitle "CB49_2023"]
[SourceDate "2023.12.06"]
[SourceVersion "1"]
[SourceVersionDate "2023.12.06"]
[SourceQuality "1"]

1. d4 d6 2. e4 g6 3. Be3 Bg7 4. Qd2 Nd7 5. c3 h6 6. h3 e6 7. Bd3 Ne7 8. Na3 a6 9. Nc2 b6 10. Ne2 Bb7 11. 0-0 Qc8 12. f4 f5 13. e5 d5 14. Ne1 0-0 15. Nf3 Rf7 16. Bf2 c5 17. Bh4 c4 18. Bc2 Nf8 19. Bxe7 Rxe7 20. Nh4 Qe8 21. Kh2 Bc8 22. Rg1 Nh7 23. g4 g5 24. gxf5 exf5 25. Nxf5 Rf7 26. Nd6 Qd7 27. Bxh7+ Kxh7 28. Qc2+ Kh8 29. Nxf7+ Qxf7 30. fxg5 Qh5 31. Nf4 Qf7 32. Ng6+ Kh7 33. Nf8+ Kg8 34. Qh7+ Kxf8 35. Rgf1 Ra7 36. gxh6 Bf6 37. Qxf7+ Rxf7 38. Rxf6 Bf5 39. Rxf7+ Kxf7 40. Rf1 1-0

[Event "Morshyn GP 3rd"]
[Site "Morshyn"]
[Date "2023.12.02"]
[Round "9"]
[White "Dovgaliuk, Oleksandr"]
[Black "Sakun, Volodymyr"]
[Result "1/2-1/2"]
[WhiteElo "1806"]
[BlackElo "2356"]
[PlyCount "92"]
[EventDate "2023.12.02"]
[EventType "swiss (rapid)"]
[EventRounds "9"]
[EventCountry "UKR"]
[SourceTitle "CB49_2023"]
[SourceDate "2023.12.06"]
[SourceVersion "1"]
[SourceVersionDate "2023.12.06"]
[SourceQuality "1"]

1. d4 d5 2. Nf3 Nf6 3. Bf4 e6 4. e3 c5 5. c3 Qb6 6. Qb3 Nc6 7. Nbd2 Bd7 8. Qxb6 axb6 9. Bc7 c4 10. Bxb6 Bd6 11. Be2 Bc8 12. Bc5 Bxc5 13. dxc5 Nd7 14. b4 cxb3 15. Nxb3 Na5 16. Nfd4 e5 17. Nxa5 exd4 18. c6 bxc6 19. Nxc6 dxc3 20. Nb4 Bb7 21. Bb5 Ke7 22. Bc6 Bxc6 23. Nxc6+ Kd6 24. Nd4 Rhb8 25. 0-0 Rb2 26. Rfc1 Rc8 27. a4 c2 28. Kf1 Nc5 29. Rxc2 Rxc2 30. Nxc2 Nxa4 31. Nb4 Nc3 32. Ra6+ Kd7 33. Ra7+ Rc7 34. Rxc7+ Kxc7 35. f3 Kd6 36. Ke1 Nb5 37. Kd2 Nc7 38. Nd3 Ne6 39. Kc3 f6 40. h4 g5 41. hxg5 fxg5 42. Nf2 Ke5 43. Ng4+ Kf5 44. Kd3 h5 45. Nf2 g4 46. fxg4+ hxg4 1/2-1/2

[Event "Malakhatko Memorial op"]
[Site "Chess.com INT"]
[Date "2023.06.14"]
[Round "6"]
[White "Dovgaliuk, Oleksandr"]
[Black "Hulka, Valentyn"]
[Result "0-1"]
[WhiteElo "1644"]
[BlackElo "2257"]
[PlyCount "78"]
[EventDate "2023.06.14"]
[EventType "swiss (blitz)"]
[EventRounds "11"]
[EventCountry "USA"]
[SourceTitle "CBM 214 Extra"]
[Source "ChessBase"]
[SourceDate "2023.07.31"]
[SourceVersion "1"]
[SourceVersionDate "2023.07.31"]
[SourceQuality "1"]

1. e4 c5 2. Nf3 Nc6 3. Bb5 Nf6 4. e5 Nd5 5. 0-0 g6 6. c3 Bg7 7. d4 cxd4 8. cxd4 d6 9. Qa4 0-0 10. Bxc6 Nb6 11. Qc2 bxc6 12. Nc3 Bf5 13. Qe2 Rc8 14. Nh4 Be6 15. Bg5 Bc4 16. Qe3 f6 17. Bh6 Bxf1 18. Rxf1 Nc4 19. Qc1 dxe5 20. Ne2 Bxh6 21. Qxh6 Rf7 22. b3 Nb6 23. dxe5 Nd5 24. Nd4 fxe5 25. Ne6 Qd7 26. Ng5 Rg7 27. Re1 Nf4 28. g3 Nh3+ 29. Nxh3 Qxh3 30. Rxe5 Rd8 31. Re1 Qg4 32. Qe3 Rd1 33. f3 Rxe1+ 34. Qxe1 Qd4+ 35. Kg2 Rf7 36. Qe2 g5 37. Nf5 Rxf5 38. Qe6+ Rf7 39. Qc8+ Kg7 0-1

[Event "Lutsk Nebesna Sotnya Memorial rapid"]
[Site "Lutsk"]
[Date "2017.02.18"]
[Round "1"]
[White "Bernadskiy, Vitaliy"]
[Black "Dovgaliuk, Oleksandr"]
[Result "1-0"]
[WhiteElo "2518"]
[BlackElo "1436"]
[PlyCount "61"]
[EventDate "2017.02.18"]
[EventType "swiss (rapid)"]
[EventRounds "11"]
[EventCountry "UKR"]
[SourceTitle "CBM 176 Extra"]
[Source "ChessBase"]
[SourceDate "2017.03.02"]
[SourceVersion "1"]
[SourceVersionDate "2017.03.02"]
[SourceQuality "1"]

1. d4 Nf6 2. c4 g6 3. Nc3 Bg7 4. e4 d6 5. Nf3 0-0 6. Be2 c5 7. 0-0 Bg4 8. d5 Nbd7 9. Bg5 Bxf3 10. Bxf3 Ne5 11. Be2 h6 12. Be3 Qd7 13. h3 g5 14. f4 gxf4 15. Bxf4 Ng6 16. Be3 Kh7 17. Qc2 Ne8 18. Bg4 Qd8 19. Bf5 Nc7 20. Rf2 Qe8 21. Raf1 e6 22. Bg4 Qe7 23. Bh5 Na6 24. e5 Nb4 25. Qb1 exd5 26. Rxf7 Qxe5 27. Qxg6+ Kh8 28. Bxh6 Qd4+ 29. Kh1 Rg8 30. Bxg7+ Rxg7 31. Rf8+ 1-0